| 000 | 00686nam a22001937a 4500 | ||
|---|---|---|---|
| 999 |
_c18864 _d18864 |
||
| 003 | BDDh-ASL | ||
| 005 | 20231015025738.0 | ||
| 008 | 201031s1989 b ||||| |||| 00| 0 b d | ||
| 040 |
_aBDDh-ASL _cBDDh-ASL |
||
| 041 | _aben | ||
| 082 |
_a928.9144 _bSHA |
||
| 100 | 1 |
_91764 _aশামসুদ্দীন, আবু জাফর |
|
| 245 | 1 | 0 | _aআত্মস্মৃতি / |
| 246 | _aAtto Smrity | ||
| 260 |
_aঢাকা : _bজাতীয় সাহিত্য প্রকাশনী, _c1989. |
||
| 300 |
_a৪১০ পৃ. : _c২২ সে. মি. |
||
| 600 | 1 | 0 |
_91764 _aশামসুদ্দীন, আবু জাফর _xজীবনী |
| 942 |
_2ddc _cBK |
||